000 00362nam a22001337a 4500
005 20240326152209.0
008 240326b |||||||| |||| 00| 0 eng d
040 _cIIA Library
245 _aAnnals of the Cape Observatory (Bound Volume)
260 _aLondon
_bHer Majesty's Stationery Office
310 _aAnnually
650 _aAstronomy
_980
942 _2ddc
_cBV
999 _c36046
_d36046